| 000 | 00664nam a2200229 a 4500 | ||
|---|---|---|---|
| 005 | 20140310183338.0 | ||
| 008 | 061109s19uu xx 00 eng d | ||
| 020 | _a0721602657 | ||
| 050 |
_aRB 111 _b.R62 2006 |
||
| 100 | _aMitchell, Richard N. | ||
| 245 |
_aPocket companion to Robbins and Cotran pathologic basis of disease/. _cRichard N. Mitchell |
||
| 250 | _a7th ed. | ||
| 260 |
_aU.S.A : _bSaunders Elsevier, _c2006. |
||
| 300 |
_a801 p. : _c22 cm. |
||
| 521 | _aNUR | ||
| 650 |
_aPathology _xHandbooks, manuals, etc. |
||
| 700 | _aKumar, Vinay | ||
| 700 | _aAbbas, Abul K. | ||
| 700 | _aFausto, Nelson | ||
| 942 |
_cBK _2lcc _kFOR |
||
| 999 |
_c21742 _d21742 |
||